| 000 | 00874nam a2200229 a 4500 | ||
|---|---|---|---|
| 001 | BRCA_1990 | ||
| 005 | 20190320203629.0 | ||
| 008 | 070508s2007----sp-a---###---#000-0#spa-# | ||
| 020 | _a9788483321942 | ||
| 050 | 4 |
_aPA2365.S5 _b.D33 2007 |
|
| 245 | 1 | 0 |
_aDiccionario ilustrado latín _blatino-español, español-latino _cprólogo de Vicente García de Diego. |
| 250 | _a21 | ||
| 260 |
_aEspaña _bSPES : VOX _c2007 |
||
| 300 |
_axv, 715 p. _bil. _c20 cm. _e1 apéndice al diccionario ilustrado : 57 p. |
||
| 500 | _acon latín eclesiástico seleccionado por el cuerpo de redactores ´Palaestra Latina´, bajo la dirección de José Maria Mir | ||
| 650 | 1 | 4 |
_aLatín _vDiccionarios _xEspañol _96048 |
| 650 | 1 | 4 |
_aEspañol _vDiccionarios _xLatín _96049 |
| 700 | 1 |
_aGarcía de Diego, Vicente _d1878- _96050 |
|
| 700 | 1 |
_aMir, José Maria _96051 |
|
| 902 | _aREF | ||
| 942 |
_2lcc _cB |
||
| 999 |
_c1758 _d1758 |
||